Loading...
| MB | 0 | 4 | 0 | 0 | 40 | 103 | 118.50 | 1 | 4 | 0.00 | 0.00 |
| TR | 0 | 3 | 0 | 0 | 30 | 112 | 122.00 | 1 | 3 | 0.00 | 0.00 |
| BB | 1 | 1 | 0 | 0 | 25 | 54 | 65.50 | 2 | 2 | 0.00 | 0.00 |
| RC | 0 | 3 | 1 | 1 | 25 | 103 | 112.00 | 2 | 3 | 0.00 | 0.00 |
| AG | 0 | 2 | 0 | 1 | 20 | 62 | 95.50 | 1 | 2 | 0.00 | 0.00 |
| RR | 0 | 1 | 0 | 0 | 10 | 137 | 137.00 | 1 | 1 | 0.00 | 0.00 |
| AR | 0 | 0 | 1 | 0 | -5 | 0.00 | 0 | 0 | 0.00 | 0.00 | |
| AK | 0 | 0 | 1 | 0 | -5 | 0.00 | 0 | 0 | 0.00 | 0.00 |
| BB | nucleation | 15 | 54 |
| AG | chariots | 10 | 62 |
| BB | freezing | 10 | 77 |
| AK | Cambodia | -5 | 84 |
| AR | Antonio Vivaldi | -5 | 95 |
| MB | Marcos family | 10 | 103 |
| RC | Clifford Odets | 10 | 103 |
| RC | scorpions | 10 | 103 |
| TR | beaches | 10 | 112 |
| MB | spleen | 10 | 115 |